Creación de plantas virtuales para pruebas de control de eventos discretos
Tallennettuna:
| Päätekijä: | |
|---|---|
| Muut tekijät: | |
| Aineistotyyppi: | Kirja |
| Kieli: | Spanish |
| Julkaistu: |
[San José], Costa Rica
2013
|
| Aiheet: | |
| Tagit: |
Lisää tagi
Ei tageja, Lisää ensimmäinen tagi!
|
MARC
| LEADER | 00000nam a22000007a 4500 | ||
|---|---|---|---|
| 003 | 011925 | ||
| 005 | 20230818091347.0 | ||
| 008 | 150313b2013 cr a|||| |||| 00| ||spa d | ||
| 040 | |c cru CEDI | ||
| 100 | |9 1086 |a Ruiz Leal, Luis Alonso, 1991- | ||
| 245 | |a Creación de plantas virtuales para pruebas de control de eventos discretos | ||
| 260 | |a [San José], Costa Rica |c 2013 | ||
| 300 | |a xii, 47 hojas : ilustraciones | ||
| 500 | |a Proyecto de graduación (bachillerato en ingeniería eléctrica)--Universidad de Costa Rica. Facultad de Ingeniería. Escuela de Ingeniería Electrica | ||
| 501 | |a Profesor Guía de IE-0499 Proyecto Eléctrico: Dr. José David Rojas Fernández | ||
| 650 | |x CONTROL DE PROCESOS - AUTOMATIZACION |x CONTROL AUTOMATICO |x CONTROLADORES LOGICOS PROGRAMABLES |x INTERFASES CON EL USUARIO (SISTEMA PARA COMPUTADORA) |9 444 | ||
| 700 | |a Rojas Fernández, José David, 1984- |d Director de Proyecto Eléctrico |9 701 | ||
| 942 | |c CEDI |h TFG 7091 |6 TFG_7091_000000000000000 | ||
| 999 | |c 13694 |d 13694 | ||
